00801nam a22002417a 4500999001700000003000500017005001700022008004100039020001400080022001300094040001900107082001500126100003700141245006800178260005500246300002500301440002100326500004500347538002400392650002700416942001200443952010400455 c24618d24618NUST20170615142857.0140617b xxu||||| |||| 00| 0 eng d cAvailable a00221120 aDLCbDLCcRCMS a532.14 CAM aCambridge University Press92672 aJournal of Fluid Mechanics vol 707 cCambridge University Press aUSAbCambridge University Pressc25,September,2012 a605,p:bill:c22,cm. vVolume:70792760 aContents continued on inside back cover. iShelf No 1 Row No 6 aFluid Mechanics 91678 2ddccCR 00102ddc4070aRCMSbRCMScGENd2014-06-17l0o532.14 CAMpRCMS002434r2014-06-17w2014-06-17yCR